000 00467nam a22001812 4500
001 0000003158
005 20151217151916.0
008 070430s xx 000 0 eng d
040 _aKABU
_cKABU
050 0 _aPS3505
_b.R66C58
100 1 _aCronin, A. J.
_@0000152847
245 1 4 _aThe Citadel.
260 _aNew York :
_bGrosset & Dunlap,
_c1937.
300 _a401 p.
908 _a070430
950 _@1
999 _c6258
_d6258